Carregant...

Hostage to uncertainty

Dades bibliogràfiques
Idioma:Undetermined
Matèries:
LEADER 00424nab a2200121Ia 4500
008 170811c99999999xx |||||||||||| ||und||
245 |a Hostage to uncertainty 
300 |a 28-30 
653 |a Afghanisthan mining project 
773 |t Down To Earth   |g Vol. 22 No. 10 (October 1-15) 2013 
942 |c ART 
999 |c 181233  |d 181233 
952 |0 0  |1 0  |4 0  |7 0  |9 247081  |a LIB  |b LIB  |d 2017-08-13  |h Vol. 22 No. 10 (October 1-15) 2013  |r 2017-08-13  |w 2017-08-13  |y ART